Miasto, w którym to się wydarzyło #2 - Statystyki

Ogólne statystyki
  • Ten quiz został rozwiązany 1 529 razy
    1 486 od ostatniego zresetowania
  • Średni wynik to 11 z 20
Statystyki odpowiedzi
Rok Wydarzenie Miasto % Poprawnych
44 p.n.e. Zabójstwo Juliusza Cezara Rzym
86%
1945 Pierwsze użycie bomby atomowej podczas wojny Hiroszima
82%
1791 Mozart umiera w wieku 35 lat Wiedeń
80%
387 p.n.e. Platon założył Akademię Ateny
78%
1997 Księżna Diana ginie w wypadku samochodowym Paryż
73%
1605 Spisek prochowy Guya Fawkesa Londyn
69%
1773 Koloniści wrzucają torebki herbaty, by zaprotestować przeciwko ustawie wprowadzanej przez Wielką Brytanię Boston
63%
1865 Zamach na Abrahama Lincolna w teatrze Forda Waszyngton
61%
1930 Urugwaj wygrywa pierwsze Mistrzostwa Świata w Piłce Nożnej Montevideo
60%
1948 Zabójstwo Gandhiego Nowe Delhi
58%
2011 Protesty Arabskiej Wiosny na placu Tahrir Kair
50%
1938 Konferencja w celu uspokojenia Hitlera i przyznania mu części Czechosłowacji Monachium
50%
2002 Miejsce zimowych IO z udziałem Adama Małysza Salt Lake City
50%
1792 Prorosyjski spisek zdrajców przeciwko Konstytucji 3 maja Targowica
42%
70 Druga Świątynia zniszczona przez Rzymian Jerozolima
41%
1992 Zamieszki Rodneya Kinga Los Angeles
35%
532 30 000 zabitych po zamieszkach fanów wyścigu rydwanów Stambuł
30%
1937 Masakra / gwałt ______ przez wojska japońskie Nankin
23%
1975 Amerykanie ewakuują to miasto helikopterem Ho Chi Minh
21%
1968 Zabójstwo Martina Luthera Kinga Memphis
15%
Nie znaleziono quizów pasujących do podanych kryteriów
Rozkład punktacji
Procent ludzi z każdym wynikiem
Percentyl według liczby udzielonych odpowiedzi
Twoja historia wyników
Nie rozwiązałeś tego quizu od ostatniego zresetowania